| 000 | 00373cam a22001097a 4500 | ||
|---|---|---|---|
| 008 | 180718b1977 xxu||||| |||| 00| 0 eng d | ||
| 082 | _aTooox5453 K45 | ||
| 245 |
_aIndicators of regional development- an appraisal _cby Bureau of Economcs & Statistics |
||
| 260 |
_aTrivandrum _bGovernment of kKerala _c1977 |
||
| 300 | _a103p | ||
| 700 | _aKerala. Bureau of Economcs & Statistics | ||
| 999 |
_c496704 _d496704 |
||